000
00272nam a22001217a 4500
082
_a
823
_b
MIL/B
100
_a
MILTON, JOYEE
245
_a
BEARS ARE CURIOUS
260
_a
NEW YORK
_b
RANDOM HOUSE
_c
1998
300
_a
32
650
_a
ENGLISH STORY
_z
UNITED STATES
942
_c
BK
999
_c
7483
_d
7483